| 000 | 00541nam a2200193Ia 4500 | ||
|---|---|---|---|
| 005 | 20250326141703.0 | ||
| 008 | 250326s9999 xx 000 0 und d | ||
| 020 | _a0-13-455999-1 | ||
| 037 | _aTextbook | ||
| 040 |
_aFMSL _beng _cFMSL |
||
| 041 |
_aeng _2eng |
||
| 084 |
_aX65.7 M8 _qFMSL |
||
| 100 |
_aStrebel P _9743107 |
||
| 245 | 0 |
_aIn the shadows of wall street _cStrebel P; Carvell S |
|
| 260 |
_aNew Jersey _bNew Jersey, Prentice Hall _c1988 |
||
| 300 | _a240p | ||
| 942 |
_cTB _hX65.7 M8 |
||
| 999 |
_c1291498 _d1291498 |
||